[Event "Tourn. n10230"]
[Site "www.echecsemail.com"]
[Date "2019.11.29"]
[Round "1"]
[White "Apdash"]
[Black "Ff333"]
[WhiteElo "2150"]
[BlackElo "2000"]
[Result "1-0"]
[Round "1"]
1.e4 e5
2.Ng1f3 Nb8c6
3.Bf1b5 d6
4.Nb1c3 Bc8d7
5.O-O a6
6.Bb5a4 Ng8f6
7.d4 exd4
8.Nf3xd4 Nc6xd4
9.Ba4xd7 Qd8xd7
10.Qd1xd4 c5
11.Qd4d3 O-O-O
12.Bc1g5 Bf8e7
13.a3 Rd8e8
14.b4 Qd7c6
15.b5 axb5
16.Nc3xb5 Kb8
17.f3 h6
18.Bg5f4 c4
19.Bf4xd6 Be7xd6
20.Qd3xd6 Qc6xd6
21.Nb5xd6 Re8e7
22.Nd6xc4 Rh8c8
23.Nc4e3 Rc8c3
24.Kf2 Re7d7
25.Ke2 Nf6h5
26.g3 g6
27.Rf1c1 Rc3c6
28.c4 Rd7c7
29.Rc1c3 Kc8
30.Ra1c1 Nh5f6
31.Ne3d5 Nf6xd5
32.exd5 Rc6c5
33.Kd3 Kd7
34.Kd4 Kd6
35.Rc1b1 Rc5a5
36.Rb1b6 Kd7
37.c5 Ra5a4
38.Ke5 Ra4a5
39.Kd4 Ra5a4
40.Rb6b4 Ra4a5
41.d6 Ra5xc5
42.dxc7 Rc5xc3
43.Kxc3 { resign }
1-0

[Event "Tourn. n10239"]
[Site "www.echecsemail.com"]
[Date "2019.11.29"]
[Round "1"]
[White "Iko"]
[Black "Picifarkinca"]
[WhiteElo "1800"]
[BlackElo "1720"]
[Result "0-1"]
[Round "1"]
1.e4 c5
2.d4 cxd4
3.Qd1xd4 Nb8c6
4.Qd4e3 e6
5.Bf1b5 Qd8c7
6.Ng1f3 Ng8e7
7.Bc1d2 d6
8.Bb5xc6 Ne7xc6
9.Nb1c3 a6
10.O-O-O b5
11.Qe3f4 Bc8b7
12.Rh1e1 Ra8c8
13.Bd2e3 Nc6b4
14.a3 Nb4a2
15.Kb1 Na2xc3
16.bxc3 Qc7xc3
17.Rd1d3 Qc3xc2
18.Ka1 Qc2xd3
19.Nf3g5 Qd3xa3
20.Kb1 Qa3d3
21.Ka1 Qd3c3
22.Ka2 f6
23.Re1e2 Qc3c4
24.Ka3 d5
25.Kb2 Qc4xe2
26.Kb3 Qe2c2

0-1

[Event "Match"]
[Site "www.echecsemail.com"]
[Date "2019.11.29"]
[Round "1"]
[White "Apdash"]
[Black "Estonia"]
[WhiteElo "2240"]
[BlackElo "1870"]
[Result "0-1"]
[Round "1"]
1.e4 e5
2.Ng1f3 Nb8c6
3.Bf1b5 a6
4.Bb5a4 b5
5.Ba4b3 Ng8f6
6.O-O d6
7.Rf1e1 Bc8g4
8.h3 Bg4xf3
9.Qd1xf3 Nc6d4
10.Qf3d1 c5
11.c3 Nd4c6
12.d3 a5
13.a4 b4
14.Bc1g5 Bf8e7
15.Nb1d2 O-O
16.Re1e3 h6
17.Bg5xf6 Be7xf6
18.Qd1h5 Bf6g5
19.Re3f3 Bg5xd2
20.Bb3d5 Ra8c8
21.Rf3xf7 Rf8xf7
22.Qh5xf7 Kh8
23.cxb4 Nc6xb4
24.Bd5e6 Rc8c7
25.Qf7g6 Qd8f6
26.Qg6e8 Kh7
27.Qe8g8 Kg6
28.Be6f5 Kg5
29.g3 Nb4xd3
30.Ra1d1 Nd3xf2
31.Rd1xd2 Nf2xh3
32.Bf5xh3 Rc7f7
33.Qg8c8 Qf6f3
34.Bh3g2 Qf3e3
35.Kh2 Qe3xd2
36.Kh3 Rf7f2
37.Qc8g4 Kf6
38.Qg4h4 Kf7
39.Qh4h5 g6
40.Qh5g4 Kg7
41.Qg4d7 Rf2f7
42.Qd7e6 h5
43.g4 hxg4
44.Qe6xg4 Qd2xb2
45.Qg4e6 Qb2d2
46.Qe6g4 Rf7b7
47.Qg4c8 Rb7b3
48.Kh2 Qd2f4
49.Kg1 Rb3b1
50.Bg2f1 Qf4g3
{ resign }
0-1

[Event "Tourn. n10220"]
[Site "www.echecsemail.com"]
[Date "2019.11.29"]
[Round "1"]
[White "Esperanza"]
[Black "Kevinking"]
[WhiteElo "2080"]
[BlackElo "2010"]
[Result "0-1"]
[Round "1"]
1.e4 e6
2.d4 d5
3.Nb1c3 Ng8f6
4.Bc1g5 Bf8b4
5.e5 h6
6.Bg5d2 Bb4xc3
7.bxc3 Nf6e4
8.Qd1g4 g6
9.h4 Bc8d7
10.Bf1d3 Qd8e7
11.Bd3xe4 dxe4
12.Qg4xe4 Bd7c6
13.Qe4g4 Bc6d5
14.Ng1e2 b6
15.f3 Nb8c6
16.Ne2f4 h5
17.Qg4g3 Bd5c4
18.Nf4xg6 fxg6
19.Qg3xg6 Kd7
20.Bd2g5 Qe7h7
21.Qg6xh7 Rh8xh7
22.g4 a5
23.Kf2 a4
24.a3 Bc4d5
25.Kg3 Nc6a5
26.Bg5f6 hxg4
27.fxg4 c5
28.Rh1f1 Na5c4
29.Rf1f2 Ra8g8
30.g5 Nc4e3
31.Ra1h1 Bd5xh1
{ resign }
0-1

[Event "Tourn. n10173"]
[Site "www.echecsemail.com"]
[Date "2019.11.29"]
[Round "1"]
[White "Jaroslavpech"]
[Black "D4minance"]
[WhiteElo "2680"]
[BlackElo "2830"]
[Result "1/2-1/2"]
[Round "1"]
1.e4 c5
2.Ng1f3 e6
3.d4 cxd4
4.Nf3xd4 Nb8c6
5.Nb1c3 Qd8c7
6.Bf1e2 a6
7.O-O Ng8f6
8.Bc1e3 Bf8b4
9.Nc3a4 Bb4e7
10.Nd4xc6 bxc6
11.Na4b6 Ra8b8
12.Nb6xc8 Qc7xc8
13.Be3d4 c5
14.Bd4e5 Rb8b6
15.Qd1d3 d6
16.Be5c3 O-O
17.b3 Qc8c6
18.f3 d5
19.e5 c4
20.Qd3e3 Nf6d7
21.Bc3d4 Rb6b8
22.Rf1b1 g6
23.f4 Rf8c8
24.g3 a5
25.bxc4 dxc4
26.a3 c3
27.Rb1xb8 Nd7xb8
28.Be2f3 Qc6a4
29.Kh1 Qa4xc2
30.Ra1c1 Qc2a4
31.Rc1xc3 Rc8xc3
32.Qe3xc3 Be7xa3
33.Kg2 Kg7
34.g4 Qa4b4
35.Qc3xb4 axb4
36.Bf3d1 Ba3c1
37.Kf3 Nb8c6
38.Bd4c5 Bc1d2
39.Bd1c2 g5
40.fxg5 Nc6xe5
41.Ke4 Ne5g6
42.Bc2d1 Bd2xg5
43.Bc5xb4 Ng6e7
44.Bb4e1 Ne7d5
45.Bd1e2 Bg5e7
46.Be2f3 Be7d6
{ draw }
1/2-1/2

[Event "Match"]
[Site "www.echecsemail.com"]
[Date "2019.11.29"]
[Round "1"]
[White "Dorfteich"]
[Black "Paco"]
[WhiteElo "1699"]
[BlackElo "1850"]
[Result "1-0"]
[Round "1"]
1.e4 e5
2.Bf1c4 Ng8f6
3.d3 Nb8c6
4.Nb1c3 Bf8c5
5.f4 d6
6.Ng1f3 Nf6g4
7.Qd1e2 Nc6d4
8.Nf3xd4 exd4
9.Nc3a4 Bc5b4
10.c3 dxc3
11.bxc3 Bb4a5
12.O-O Bc8d7
13.e5 Qd8e7
14.Bc4b3 O-O-O
15.h3 Ng4h6
16.Bc1d2 Nh6f5
17.Qe2f3 Bd7c6
18.Qf3f2 Bc6xa4
19.Bb3xa4 dxe5
20.fxe5 Qe7xe5
21.Qf2xf5 Qe5xf5
22.Rf1xf5 Rd8xd3
23.Rf5xa5 Rd3xd2
24.Ra5xa7 Kb8
25.Ra7a5 b6
26.Ra5e5 Kb7
27.Ba4b3 h5
28.Bb3xf7 h4
29.Bf7d5 c6
30.Re5e7 Ka6
31.Bd5xc6 g5
32.Bc6f3 Rh8c8
33.Bf3b7 { resign }
1-0

[Event "Match"]
[Site "www.echecsemail.com"]
[Date "2019.11.30"]
[Round "1"]
[White "Gambittiger"]
[Black "Paco"]
[WhiteElo "1499"]
[BlackElo "1710"]
[Result "1-0"]
[Round "1"]
1.e4 e5
2.Ng1f3 Nb8c6
3.Bf1c4 d6
4.O-O Bc8g4
5.c3 Ng8f6
6.d3 Qd8d7
7.a4 Nc6a5
8.Bc4a2 h5
9.h3 Bg4xh3
10.gxh3 Qd7xh3
11.Nf3g5 Qh3h4
12.Qd1f3 Qh4g4
13.Qf3xg4 hxg4
14.Ba2xf7 Ke7
15.b4 Na5c6
16.Ra1a2 Nc6d8
17.Bf7b3 Nd8c6
18.f3 g6
19.fxg4 Nf6xg4
20.Rf1f7 Ke8
21.Rf7xc7 b6
22.Bb3f7 { resign }
1-0

[Event "Tourn. n10220"]
[Site "www.echecsemail.com"]
[Date "2019.11.30"]
[Round "1"]
[White "Johnmcbride"]
[Black "Esperanza"]
[WhiteElo "1870"]
[BlackElo "2070"]
[Result "0-1"]
[Round "1"]
1.e4 e5
2.Ng1f3 Nb8c6
3.a3 Bf8c5
4.b4 Bc5b6
5.c4 d6
6.d3 Ng8f6
7.Bf1e2 Bc8g4
8.h3 Bg4e6
9.O-O a5
10.b5 Nc6d4
11.a4 O-O
12.Bc1d2 h6
13.Bd2e3 Nd4xf3
14.Be2xf3 Bb6xe3
15.fxe3 c6
16.Nb1c3 d5
17.exd5 cxd5
18.Nc3xd5 Nf6xd5
19.Bf3xd5 Be6xd5
20.cxd5 Qd8xd5
21.e4 Qd5d4
22.Kh1 Rf8d8
23.Rf1f3 Ra8c8
24.Ra1a3 Qd4xe4
25.dxe4 Rd8xd1
26.Kh2 Rd1d4
27.Rf3e3 Rc8c4
28.Kg3 Rc4xa4
29.Ra3xa4 Rd4xa4
30.Kg4 Ra4b4
31.Kf5 Rb4xb5
32.Re3d3 a4
33.Rd3a3 Rb5a5
34.h4 Kf8
35.g4 Ke7
36.Ra3d3 g6

0-1

[Event "Tourn. n10247"]
[Site "www.echecsemail.com"]
[Date "2019.11.30"]
[Round "1"]
[White "Galiany17"]
[Black "Seger"]
[WhiteElo "2600"]
[BlackElo "2830"]
[Result "1-0"]
[Round "1"]
1.e4 c5
2.Ng1f3 b6
3.d4 cxd4
4.Nf3xd4 Bc8b7
5.Bc1g5 a6
6.Nb1c3 Qd8c7
7.Qd1d2 e6
8.O-O-O Ng8f6
9.f3 Bf8e7
10.Bg5f4 e5
11.Bf4g3 g6
12.Kb1 d6
13.Nd4b3 Nb8d7
14.Qd2h6 Be7f8
15.Qh6c1 b5
16.a3 Bf8e7
17.Bg3h4 O-O
18.g4 Ra8b8
19.Bh4g5 b4
20.axb4 d5
21.Bg5h6 Rf8d8
22.g5 Nf6h5
23.Nc3xd5 Bb7xd5
24.Rd1xd5 Nh5f6
25.gxf6 Be7xb4
26.Bh6g5 { resign }
1-0

[Event "Tourn. n10235"]
[Site "www.echecsemail.com"]
[Date "2019.11.30"]
[Round "1"]
[White "Fereike"]
[Black "Chessdna"]
[WhiteElo "1690"]
[BlackElo "1700"]
[Result "1-0"]
[Round "1"]
1.e4 e5
2.Ng1f3 d6
3.d4 Ng8f6
4.dxe5 Nf6xe4
5.exd6 Bf8xd6
6.Bf1d3 Bc8f5
7.O-O O-O
8.Nb1d2 Rf8e8
9.Nd2xe4 Bf5xe4
10.Bd3xe4 Re8xe4
11.Bc1e3 Nb8c6
12.c3 Qd8f6
13.Qd1d5 Ra8e8
14.Be3g5 Qf6g6
15.Bg5e3 h6
16.Ra1e1 Nc6e5
17.Nf3xe5 Re4xe5
18.Qd5xb7 Re5h5
19.g3 Re8e4
{ time. }
1-0

[Event "Tourn. n10212"]
[Site "www.echecsemail.com"]
[Date "2019.11.30"]
[Round "1"]
[White "Virgil08bv"]
[Black "Lenyb"]
[WhiteElo "2680"]
[BlackElo "2590"]
[Result "1-0"]
[Round "1"]
1.e4 c5
2.Ng1f3 e6
3.d4 cxd4
4.Nf3xd4 a6
5.Bf1d3 g6
6.c4 Bf8g7
7.Nd4b3 Ng8e7
8.Nb1c3 O-O
9.O-O Nb8c6
10.Bd3e2 f5
11.c5 fxe4
12.Nc3xe4 a5
13.a4 Ne7f5
14.Be2b5 Qd8c7
15.Bc1g5 Bg7xb2
16.Rf1e1 Bb2e5
17.h3 Nc6a7
18.Bb5f1 Na7c6
19.Ra1c1 b6
20.Ne4c3 bxc5
21.Nc3b5 Qc7b8
22.Nb3xc5 Nc6d4
23.Bf1d3 Nd4xb5
24.Bd3xb5 Be5d4
25.Rc1c2 Rf8f7
26.Qd1d2 Qb8b6
27.Re1c1 Bc8b7
28.Nc5xd7 Qb6d6
29.Nd7c5 Bb7d5
30.Bb5d3 Ra8f8
31.Bd3xf5 Qd6g3
32.Nc5e4 Bd5xe4
33.Bf5xe4  { time }
1-0

[Event "Match"]
[Site "www.echecsemail.com"]
[Date "2019.11.30"]
[Round "1"]
[White "Apdash"]
[Black "Jackbauer"]
[WhiteElo "2180"]
[BlackElo "1880"]
[Result "1-0"]
[Round "1"]
1.d4 d5
2.c4 e5
3.dxe5 d4
4.Ng1f3 c5
5.e3 Nb8c6
6.exd4 cxd4
7.Bf1d3 Bf8c5
8.O-O Ng8e7
9.Bc1g5 h6
10.Bg5xe7 Bc5xe7
11.Nb1d2 Bc8g4
12.Rf1e1 O-O
13.Qd1b3 b6
14.h3 Bg4e6
15.Qb3a4 Be6d7
16.Qa4d1 Bd7e6
17.Qd1e2 Be7b4
18.a3 Bb4xd2
19.Qe2xd2 Rf8e8
20.b4 Qd8d7
21.Bd3e4 Re8d8
22.b5 Nc6e7
23.Be4xa8 Rd8xa8
24.Ra1c1 Ne7g6
25.Qd2xd4 Qd7e7
26.c5 Ra8d8
27.Qd4e3 Be6f5
28.Nf3d4 Bf5d7
29.c6 Bd7c8
30.e6 f6
31.Nd4f5 Qe7e8
32.f4 Rd8d5
33.Nf5d4 Qe8e7
34.Qe3e4 Bc8xe6
35.Qe4xe6 Qe7xe6
36.Nd4xe6 Rd5xb5
37.c7 Ng6e7
38.Ne6d4 Rb5d5
39.Re1xe7 { resign }
1-0

[Event "Match"]
[Site "www.echecsemail.com"]
[Date "2019.11.30"]
[Round "1"]
[White "Krystek23"]
[Black "Apdash"]
[WhiteElo "2380"]
[BlackElo "2160"]
[Result "1-0"]
[Round "1"]
1.c4 c5
2.Nb1c3 Ng8f6
3.Ng1f3 d6
4.e3 Nb8c6
5.d4 cxd4
6.Nf3xd4 a6
7.Bf1e2 Nc6xd4
8.exd4 e6
9.Bc1g5 Bf8e7
10.O-O O-O
11.Bg5e3 Qd8c7
12.Ra1c1 Bc8d7
13.a4 Qc7a5
14.b3 Bd7c6
15.d5 exd5
16.b4 Qa5d8
17.b5 axb5
18.axb5 Bc6d7
19.Nc3xd5 Nf6xd5
20.Qd1xd5 Ra8a2
21.Be2f3 b6
22.Qd5b7 Bd7c8
23.Qb7xb6 Qd8xb6
24.Be3xb6 Bc8e6
25.Bb6e3 Rf8b8
26.b6 g5
27.Rc1a1 Ra2c2
28.b7 Rb8xb7
29.Bf3xb7 Rc2xc4
30.Bb7a6 Rc4e4
31.Ba6d3 Re4b4
32.Rf1b1 Rb4xb1
33.Bd3xb1 Be7f6
34.Ra1a6 d5
35.Be3c5 Kg7
36.Ra6a8 Bf6c3
37.Bc5f8 Kf6
38.Bb1xh7 d4
39.Bh7d3 Be6d5
40.Ra8a6 Bd5e6
41.Bd3c4 Ke5
42.Bf8g7 Kf5
43.Bc4d3 Kg4
44.h3 Kh4
45.Ra6a8 g4
46.Bg7f6 Kh5
47.Ra8h8 { resign }
1-0

[Event "Tourn. n10225"]
[Site "www.echecsemail.com"]
[Date "2019.11.30"]
[Round "1"]
[White "Scasan55"]
[Black "Ditto"]
[WhiteElo "1980"]
[BlackElo "1950"]
[Result "1-0"]
[Round "1"]
1.e4 e5
2.Ng1f3 Nb8c6
3.Bf1b5 Bf8c5
4.Nb1c3 d6
5.Bb5xc6 bxc6
6.h3 Bc8e6
7.O-O Qd8d7
8.d4 exd4
9.Nf3xd4 Bc5b6
10.Rf1e1 Qd7e7
11.Bc1e3 Qe7d7
12.Nd4xe6 Qd7xe6
13.a4 a6
14.a5 Bb6xe3
15.Re1xe3 Ng8f6
16.Qd1d4 c5
17.Qd4a4 Nf6d7
18.Nc3d5 Ra8c8
19.Qa4c6 O-O
20.Qc6xa6 Nd7e5
21.Qa6e2 Qe6d7
22.a6 Ne5c6
23.Re3g3 Qd7e6
24.a7 Rc8a8
25.Nd5xc7 Qe6e7
26.Nc7xa8 Rf8xa8
27.Qe2g4 f6
28.Rg3b3 Kf7
29.Qg4f5 Nc6d4
30.Qf5d5 Kg6
31.Qd5xa8 Qe7e5
32.Rb3g3 Kh6
33.Qa8d5 Nd4e2
34.Kh2 Qe5xb2
35.a8Q Qb2xc2
36.Qa8e8 g6
37.Qe8f8 
1-0

[Event "Match"]
[Site "www.echecsemail.com"]
[Date "2019.12.01"]
[Round "1"]
[White "Geodad5"]
[Black "Apdash"]
[WhiteElo "2080"]
[BlackElo "2220"]
[Result "0-1"]
[Round "1"]
1.e4 e5
2.Ng1f3 Nb8c6
3.d4 exd4
4.Nf3xd4 Nc6xd4
5.Qd1xd4 d6
6.Nb1c3 Ng8f6
7.Bf1e2 c5
8.Qd4a4 Bc8d7
9.Qa4b3 Qd8c7
10.O-O a6
11.Be2c4 Bd7c6
12.Rf1e1 b5
13.Bc4d5 Bc6xd5
14.Nc3xd5 Nf6xd5
15.exd5 Bf8e7
16.Qb3e3 Ra8a7
17.b3 O-O
18.Bc1b2 Qc7d8
19.Re1e2 Be7f6
20.Bb2xf6 Qd8xf6
21.Ra1e1 h6
22.Qe3d3 b4
23.g3 a5
24.f4 a4
25.Kg2 axb3
26.cxb3 g6
27.h3 Kg7
28.Re1f1 Rf8a8
29.Qd3b1 h5
30.h4 Ra7e7
31.Re2xe7 Qf6xe7
32.Rf1e1 Qe7f6
33.Re1e2 Qf6d4
34.Qb1b2 Qd4xb2
35.Re2xb2 Kf6
36.Rb2e2 Ra8a7
37.Kf3 Kf5
38.Re2e8 Ra7xa2
39.Re8e3 Ra2d2
40.Re3e7 f6
41.Re7e6 Rd2xd5
42.Re6e3 Rd5d1
43.Kf2 d5
{ resign }
0-1

[Event "Tourn. n10229"]
[Site "www.echecsemail.com"]
[Date "2019.12.01"]
[Round "1"]
[White "Vasylpuzanov"]
[Black "Zsigazsuga"]
[WhiteElo "1620"]
[BlackElo "1499"]
[Result "1-0"]
[Round "1"]
1.e4 c5
2.f4 d6
3.Nb1c3 Nb8c6
4.Ng1f3 g6
5.Bf1e2 Bf8g7
6.Be2b5 Bc8d7
7.O-O e6
8.Bb5xc6 Bd7xc6
9.d4 cxd4
10.Nf3xd4 Ng8f6
11.Nd4xc6 bxc6
12.Bc1e3 O-O
13.Qd1f3 e5
14.fxe5 dxe5
15.Be3g5 Qd8b6
16.Kh1 Qb6xb2
17.Ra1b1 Qb2xc2
18.Rf1c1 { resign }
1-0

[Event "Tourn. n10238"]
[Site "www.echecsemail.com"]
[Date "2019.12.01"]
[Round "1"]
[White "Asoka"]
[Black "Seger"]
[WhiteElo "2680"]
[BlackElo "2810"]
[Result "1/2-1/2"]
[Round "1"]
1.Ng1f3 c5
2.e4 d6
3.Bf1b5 Bc8d7
4.Bb5xd7 Qd8xd7
5.O-O Nb8c6
6.c3 Ng8f6
7.Qd1e2 e6
8.d4 cxd4
9.Nf3xd4 a6
10.Bc1g5 Bf8e7
11.Nd4xc6 Qd7xc6
12.Nb1d2 h6
13.Bg5xf6 Be7xf6
14.Nd2f3 O-O
15.Ra1d1 b5
16.Rd1d3 Rf8d8
17.Rf1d1 Qc6c7
18.Rd3d2 Qc7b6
19.Nf3d4 Ra8c8
20.a3 d5
21.e5 Bf6e7
22.Rd2d3 Be7c5
23.g4 Bc5xd4
24.Rd3xd4 Rc8c4
25.Qe2e3 { draw }
1/2-1/2

[Event "Tourn. n10238"]
[Site "www.echecsemail.com"]
[Date "2019.12.01"]
[Round "1"]
[White "Asoka"]
[Black "Bigrezi"]
[WhiteElo "2680"]
[BlackElo "2320"]
[Result "1-0"]
[Round "1"]
1.Ng1f3 d5
2.c4 e6
3.d4 Ng8f6
4.Nb1c3 Bf8b4
5.Qd1a4 Nb8c6
6.e3 O-O
7.Bc1d2 Bc8d7
8.Qa4c2 Nc6e7
9.a3 Bb4xc3
10.Bd2xc3 dxc4
11.Bf1xc4 Bd7c6
12.Bc4d3 Bc6xf3
13.gxf3 Qd8d5
14.Qc2e2 Ra8d8
15.O-O-O Ne7g6
16.h4 Rd8d7
17.h5 Ng6e7
18.e4 Qd5c6
19.Bd3b5 Qc6d6
20.Bb5xd7 c6
21.e5 Qd6xd7
22.exf6 gxf6
23.Rh1g1 Kh8
24.d5 e5
25.d6 Ne7f5
26.f4 Qd7e6
27.d7 Rf8d8
28.fxe5 { resign }
1-0

[Event "Match"]
[Site "www.echecsemail.com"]
[Date "2019.12.01"]
[Round "1"]
[White "Johndyson"]
[Black "Joseph1983"]
[WhiteElo "2500"]
[BlackElo "2290"]
[Result "1-0"]
[Round "1"]
1.Ng1f3 d5
2.g3 c5
3.c4 d4
4.b4 b6
5.Bf1g2 Bc8b7
6.O-O Ng8f6
7.bxc5 bxc5
8.e3 dxe3
9.dxe3 Nb8d7
10.e4 e5
11.Qd1a4 Qd8c7
12.Rf1e1 Bb7c6
13.Qa4c2 g6
14.Nb1c3 Bf8g7
15.Nc3d5 Bc6xd5
16.cxd5 O-O
17.Nf3d2 Nf6e8
18.Nd2c4 Ne8d6
19.Nc4xd6 Qc7xd6
20.Re1e3 Bg7h6
21.Re3c3 Bh6g7
22.Bg2h3 f5
23.Ra1b1 fxe4
24.Bh3e6 Kh8
25.Rb1b7 Rf8d8
26.Bc1g5 Nd7f6
27.Rc3xc5 h6
28.Bg5xf6 Bg7xf6
29.Rc5c7 { resign }
1-0

[Event "Match"]
[Site "www.echecsemail.com"]
[Date "2019.12.01"]
[Round "1"]
[White "Paco"]
[Black "Coraza"]
[WhiteElo "1850"]
[BlackElo "1720"]
[Result "1-0"]
[Round "1"]
1.e4 e5
2.Ng1f3 Nb8c6
3.Bf1c4 h6
4.d3 Bf8c5
5.Nb1c3 Ng8f6
6.Nc3d5 Bc5b4
7.c3 Bb4c5
8.b4 Bc5e7
9.b5 Nc6b8
10.Nf3xe5 d6
11.Ne5xf7 Kxf7
12.Nd5xc7 Kg6
13.Nc7xa8 Bc8g4
14.Qd1a4 a6
15.f3 Bg4d7
16.Bc1e3 axb5
17.Bc4xb5 Bd7e6
18.f4 Kf7
19.O-O Be6d7
20.Be3b6 Qd8c8
21.Na8c7 Bd7xb5
22.Qa4xb5 Qc8g4
23.Nc7d5 h5
24.Qb5c4 Kf8
25.Qc4c7 Nf6d7
26.Qc7c8 Kf7
27.Qc8xh8 Qg4e2
28.Rf1f3 Qe2b2
29.Qh8xh5 g6
30.Qh5h7 Ke8
31.Qh7xe7 { resign }
1-0

[Event "Tourn. n10219"]
[Site "www.echecsemail.com"]
[Date "2019.12.01"]
[Round "1"]
[White "Tartan"]
[Black "Jesmantiz"]
[WhiteElo "2460"]
[BlackElo "2200"]
[Result "1-0"]
[Round "1"]
1.e4 d6
2.d4 c6
3.Nb1c3 g6
4.Bc1e3 Bf8g7
5.h3 h6
6.Ng1f3 e6
7.Bf1d3 Ng8e7
8.O-O g5
9.Nc3e2 e5
10.dxe5 dxe5
11.Ne2g3 Ne7g6
12.Bd3c4 O-O
13.Be3c5 Rf8e8
14.Qd1xd8 Re8xd8
15.Ra1d1 Rd8e8
16.Bc5d6 b5
17.Bc4b3 Nb8d7
18.Ng3f5 a5
19.a4 b4
20.c3 Bc8a6
21.Rf1e1 c5
22.cxb4 axb4
23.Re1e3 Ra8c8
24.a5 Ba6b5
25.Bb3d5 Bb5c6
26.Nf3d2 Bc6xd5
27.exd5 Kh7
28.Nd2c4 e4
29.Nf5xg7 Kxg7
30.Nc4b6 Nd7xb6
31.axb6 f5
32.b7 Rc8b8
33.Bd6xb8 Re8xb8
34.d6 Ng6e5
35.d7 Ne5c6
36.g4 Nc6d8
37.gxf5 Rb8xb7
38.Re3xe4 Kf6
39.Rd1d6 Kxf5
40.Re4e8 Rb7b8
41.Rd6d5 Kf4
42.Kg2 h5
43.f3 g4
44.Re8e4 { resign }
1-0

[Event "Match"]
[Site "www.echecsemail.com"]
[Date "2019.12.01"]
[Round "1"]
[White "Cal"]
[Black "Sonny1000"]
[WhiteElo "1760"]
[BlackElo "1580"]
[Result "0-1"]
[Round "1"]
1.b4 b5
2.e4 e5
3.Nb1c3 c6
4.Bc1b2 Qd8f6
5.Ng1f3 Nb8a6
6.Bf1e2 Bf8xb4
7.O-O Qf6g6
8.h3 d6
9.a3 Bc8xh3
10.Nf3h4 Qg6g5
11.g3 Bh3xf1
12.Be2xf1 Bb4c5
13.Kg2 Qg5f6
14.Qd1e2 Ng8h6
15.Nc3d1 g5
16.Nh4f3 g4
17.c3 gxf3
18.Qe2xf3 Qf6g5
19.c4 Rh8g8
20.Bb2c3 bxc4
21.Ra1a2 Nh6g4
22.Bf1xc4 Rg8f8
23.d3 Qg5h5
24.Kf1 Ng4h2
25.Kg2 Nh2xf3
26.d4 Qh5h2
27.Kxf3 Qh2h5
28.g4 Qh5h3
29.Ke2 Qh3xg4
30.f3 Qg4g1
31.Nd1f2 Qg1c1
32.Bc4xa6 Qc1xc3
33.a4 Qc3xd4
34.Nf2d3 Qd4e3
35.Kd1 Qe3xf3
36.Kc2 Qf3xe4
37.Kc3 Ra8b8
38.a5 Bc5d4
39.Kc2 Qe4e2
40.Kc1 Qe2xa2
41.Nd3e1 Rb8b1
{ resign }
0-1

[Event "1/64 Finale"]
[Site "www.chess-mail.com"]
[Date "2019.12.01"]
[Round "1"]
[White "Claudia"]
[Black "Lakeknight"]
[WhiteElo "2170"]
[BlackElo "2379"]
[Result "0-1"]
[Round "1"]
1.d4 e6
2.c4 Ng8f6
3.Nb1c3 Bf8b4
4.Qd1c2 O-O
5.a3 Bb4xc3
6.Qc2xc3 d6
7.Bc1g5 h6
8.Bg5h4 g5
9.Bh4g3 Nf6e4
10.Qc3d3 f5
11.f4 Qd8f6
12.Ng1h3 Nb8c6
13.fxg5 hxg5
14.e3 Nc6e7
15.Bf1e2 Qf6h6
16.O-O-O Bc8d7
17.Bg3e1 Bd7a4
18.b3 Ba4c6
19.b4 Bc6a4
20.Kb2 Ba4xd1
21.Be2xd1 c6
22.d5 cxd5
 { time }
0-1

[Event "Tourn. n10207"]
[Site "www.echecsemail.com"]
[Date "2019.12.02"]
[Round "1"]
[White "Bgm9"]
[Black "Odin"]
[WhiteElo "1960"]
[BlackElo "1900"]
[Result "1-0"]
[Round "1"]
1.d4 Ng8f6
2.c4 d5
3.cxd5 Qd8xd5
4.Nb1c3 Qd5c6
5.Ng1f3 Bc8f5
6.e3 Nb8d7
7.Bf1b5 Qc6d6
8.O-O O-O-O
9.Rf1e1 a6
10.Bb5d3 Bf5g4
11.h3 Bg4h5
12.e4 Qd6b6
13.e5 Nf6e8
14.g4 Bh5g6
15.Ra1b1 Bg6xd3
16.Qd1xd3 e6
17.a3 Nd7c5
18.Qd3e2 Nc5b3
19.Bc1e3 g6
20.Nc3e4 h5
21.Kg2 Qb6c6
22.Ne4d2 Nb3a5
23.Re1c1 Qc6d7
24.Nd2c4 Na5xc4
25.Qe2xc4 hxg4
26.hxg4 f5
27.Rc1h1 Bf8g7
28.Rh1xh8 Bg7xh8
29.g5 b5
30.Qc4c5 Qd7d5
31.Rb1c1 Qd5xc5
32.Rc1xc5 Bh8g7
33.Nf3h4 Kb7
34.Nh4xg6 c6
35.Be3d2 Rd8xd4
36.Bd2e3 Rd4g4
37.Kh2 Ne8c7
38.f3 Rg4a4
39.Kg3 Nc7d5
40.Kf2  { time }
1-0

[Event "Tourn. n10260"]
[Site "www.echecsemail.com"]
[Date "2019.12.02"]
[Round "1"]
[White "Fantomas"]
[Black "Sorim"]
[WhiteElo "2080"]
[BlackElo "2300"]
[Result "1-0"]
[Round "1"]
1.e4 e5
2.Ng1f3 Nb8c6
3.Bf1b5 a6
4.Bb5a4 Ng8f6
5.d3 d6
6.c3 Bc8e6
7.Nf3g5 Be6g4
8.Qd1b3 { resign }
1-0

[Event "Tourn. n10231"]
[Site "www.echecsemail.com"]
[Date "2019.12.02"]
[Round "1"]
[White "Scasan55"]
[Black "Malbertan"]
[WhiteElo "1960"]
[BlackElo "2090"]
[Result "0-1"]
[Round "1"]
1.e4 e5
2.Ng1f3 Ng8f6
3.Nb1c3 Nb8c6
4.Bf1b5 Nc6d4
5.O-O Nd4xb5
6.Nc3xb5 c6
7.Nb5c3 d6
8.h3 Bf8e7
9.Rf1e1 O-O
10.d4 exd4
11.Qd1xd4 Bc8e6
12.Bc1g5 Qd8d7
13.Ra1d1 Nf6e8
14.Bg5xe7 Qd7xe7
15.e5 dxe5
16.Nf3xe5 Ne8f6
17.Qd4h4 Qe7c5
18.Rd1d3 Rf8d8
19.Rd3xd8 Ra8xd8
20.Ne5d3 Qc5d6
21.Nc3e4 Nf6xe4
22.Qh4xe4 Be6d5
23.Qe4g4 Qd6g6
24.Qg4xg6 hxg6
25.Re1e7 Rd8b8
26.Nd3f4 Bd5xa2
27.b3 Ba2b1
28.Re7e2 Rb8d8
29.Nf4d3 a5
30.Kf1 Bb1xc2
31.Re2xc2 Rd8xd3
32.Rc2a2 Rd3xb3
33.Ra2xa5 b5
34.Ke1 c5
35.Ra5a8 Kh7
36.Kd2 c4
37.Kc2 Rb3b4
38.Ra8b8 Rb4b3
39.Rb8c8 f5
40.h4 Rb3a3
41.Rc8b8 Ra3a2
42.Kc3 Ra2xf2
43.Rb8xb5 Rf2xg2
44.Kxc4 Rg2g4
45.Kd3 Rg4xh4
46.Ke3 Kh6
47.Kf3 Kg5
48.Rb5b7 Kh6
49.Kg3 g5
50.Rb7b8 f4
51.Kg2 Kh5
52.Kf3 Rh4h3
53.Kg2 g4
54.Rb8h8 Kg5
55.Rh8xh3 gxh3
56.Kxh3 Kf5
57.Kg2 g5
58.Kf3 g4
{ resign }
0-1

[Event "Match"]
[Site "www.echecsemail.com"]
[Date "2019.12.02"]
[Round "1"]
[White "Krystek23"]
[Black "Joseph1983"]
[WhiteElo "2390"]
[BlackElo "2190"]
[Result "1-0"]
[Round "1"]
1.c4 e5
2.Nb1c3 Ng8f6
3.g3 d5
4.cxd5 Nf6xd5
5.Bf1g2 Bc8e6
6.d3 Bf8c5
7.Ng1f3 f6
8.O-O Qd8d7
9.d4 exd4
10.Nf3xd4 Nd5xc3
11.bxc3 Be6d5
12.e4 Bd5c4
13.Rf1e1 O-O
14.Bc1e3 Nb8c6
15.Nd4xc6 Qd7xc6
16.e5 Qc6b6
17.Ra1b1 Qb6a5
18.Bg2d5 { resign }
1-0

[Event "Tourn. n10220"]
[Site "www.echecsemail.com"]
[Date "2019.12.02"]
[Round "1"]
[White "Libiesse"]
[Black "Johnmcbride"]
[WhiteElo "1960"]
[BlackElo "1870"]
[Result "1-0"]
[Round "1"]
1.d4 d5
2.c4 dxc4
3.e4 b5
4.a4 c6
5.Nb1c3 e6
6.axb5 Bf8b4
7.Bf1xc4 Bb4xc3
8.bxc3 cxb5
9.Bc4xb5 Bc8d7
10.Bb5xd7 Nb8xd7
11.Qd1g4 g6
12.Bc1g5 Ng8f6
13.Qg4f3 O-O
14.e5 Kg7
15.Qf3f4 Qd8c7
16.Bg5xf6 Nd7xf6
17.Qf4xf6 Kg8
18.Ng1e2 a5
19.O-O Ra8a7
20.Rf1c1 Qc7e7
21.Qf6xe7 Ra7xe7
22.Ra1xa5 Re7b7
23.f4 Rf8b8
24.Ra5a1 Rb7b2
25.Kf2 Kg7
26.g4 Rb2d2
27.Ke3 Rb8b2
28.Rc1e1 h5
29.h3 hxg4
30.hxg4 f5
31.g5 Kf7
32.Ra1a7 Ke8
33.Re1h1 Rd2xe2
34.Kd3 Re2h2
35.Ra7a8 Kd7
36.Rh1a1 Rh2h3
37.Kc4 Rb2c2
38.Ra1a7 Kc6
39.Ra7a6 Kb7
40.Ra8a7 Kb8
41.Ra7g7 Rh3xc3
42.Kb4 Rc3c4
43.Kb5 Rc4c7
44.Rg7g8 Kb7
45.Ra6xe6 Rc2b2
46.Ka4 Rc7c6
47.Rg8g7 Kb6
48.Rg7xg6 Rb2c2
49.Re6xc6 Rc2xc6
50.Rg6xc6 Kxc6
51.g6 { resign }
1-0

[Event "Match"]
[Site "www.echecsemail.com"]
[Date "2019.12.02"]
[Round "1"]
[White "Chessutopia"]
[Black "Jalenakravit"]
[WhiteElo "1799"]
[BlackElo "2709"]
[Result "1-0"]
[Round "1"]
1.d4 Ng8f6
2.c4 d5
3.Ng1f3 c5
4.dxc5 Nb8c6
5.cxd5 Nc6b4
6.Qd1a4 Bc8d7
7.Qa4xb4 e6
8.dxe6 Bd7xe6
9.Bc1g5 h6
10.Bg5xf6 Qd8xf6
11.Qb4xb7 Qf6xb2
12.Qb7xb2 { resign }
1-0

[Event "Match"]
[Site "www.echecsemail.com"]
[Date "2019.12.03"]
[Round "1"]
[White "Fereike"]
[Black "Zsigazsuga"]
[WhiteElo "1690"]
[BlackElo "1499"]
[Result "0-1"]
[Round "1"]
1.e4 c5
2.Ng1f3 d6
3.d4 cxd4
4.Nf3xd4 Ng8f6
5.Nb1c3 g6
6.f4 Bf8g7
7.Bf1e2 O-O
8.O-O a6
9.Kh1 Qd8b6
10.Nd4f3 Nb8c6
11.Nc3d5 Qb6d8
12.Nd5xf6 Bg7xf6
13.c3 Bf6g7
14.Bc1e3 Bc8d7
15.Qd1e1 Ra8c8
16.Qe1g3 b5
17.Ra1d1 Qd8c7
18.Be3d4 Nc6xd4
19.cxd4 Qc7c2
20.Be2d3 Qc2xb2
21.e5 dxe5
22.Nf3xe5 Bd7e6
23.Bd3e4 Be6xa2
24.Ne5d7 Rf8d8
25.Nd7e5 Rd8xd4
26.Rd1xd4 Qb2xd4
27.Qg3d3 Bg7xe5
28.fxe5 Qd4xe5
{ resign }
0-1

[Event "Tourn. n10255"]
[Site "www.echecsemail.com"]
[Date "2019.12.03"]
[Round "1"]
[White "Fantomas"]
[Black "Add"]
[WhiteElo "2100"]
[BlackElo "2130"]
[Result "1-0"]
[Round "1"]
1.e4 e5
2.Ng1f3 Nb8c6
3.d4 exd4
4.Nf3xd4 Nc6e5
5.f4 Ne5c6
6.Bf1c4 Qd8h4
7.g3 Qh4h3
8.Bc4f1 Qh3h6
9.Nd4b5 Bf8b4
10.c3 Bb4a5
11.a4 a6
12.Nb5d4 Ng8e7
13.e5 Nc6xd4
14.Qd1xd4 Ba5b6
15.Qd4e4 d5
16.Qe4e2 O-O
17.Bc1e3 Bb6xe3
18.Qe2xe3 Ne7f5
19.Qe3f2 Rf8e8
20.Qf2c5 Nf5xg3
21.Rh1g1 Ng3xf1
22.Rg1xf1 c6
23.Qc5f2 Bc8f5
24.Nb1d2 f6
25.Qf2g3 fxe5
26.fxe5 Re8f8
27.Rf1f4 Qh6e6
28.Nd2f3 Rf8f6
29.O-O-O Rf6g6
30.Qg3f2 Bf5g4
31.Rd1e1 Bg4xf3
32.Rf4xf3 Ra8e8
33.Re1f1 Qe6e7
34.Qf2d4 Rg6g2
35.Qd4f4 b5
36.e6 Qe7g5
37.Qf4xg5 Rg2xg5
38.e7 { resign }
1-0